Assured shorthold leases (Record no. 76237)

MARC details
000 -LEADER
fixed length control field 01020cab a2200181 4500
001 - CONTROL NUMBER
control field ##L131671
008 - FIXED-LENGTH DATA ELEMENTS--GENERAL INFORMATION
fixed length control field 051129n2005 000 0 eng u
035 ## - SYSTEM CONTROL NUMBER
System control number (Sirsi) u131671
041 0# - LANGUAGE CODE
Language code of text/sound track or separate title eng
100 1# - MAIN ENTRY--PERSONAL NAME
Personal name Webber, Gary
245 00 - TITLE STATEMENT
Title Assured shorthold leases
260 ## - PUBLICATION, DISTRIBUTION, ETC.
Date of publication, distribution, etc. 2005
490 00 - SERIES STATEMENT
Series statement Solicitors' Journal
Volume/sequential designation 149(43) 11 November 2005, 1340-1341(2)
520 ## - SUMMARY, ETC.
Summary, etc. Postulates ending an assured shorthold tenancy by serving a notice under s21 of the Housing Act 1988. Discusses the conditions to be met and looks at ways around the problem of s21(4) which stipulates that the notice must expire on the last day of a period of tenancy. Suggests that the consensus that a s21(4) notice must be served to a tenant remaining in occupation after expiration of a fixed term is wrong. Concludes that it is permissible to serve a s21(1) notice without complying with the extra requirements of s21(4).
690 ## - LOCAL SUBJECT ADDED ENTRY--TOPICAL TERM (OCLC, RLIN)
Topical term or geographic name as entry element PROPERTY-RESIDENTIAL PROPERTY-DOMESTIC RESIDENTIAL PROPERTY-HOUSING
700 ## - ADDED ENTRY--PERSONAL NAME
Personal name Dovar, D.
942 ## - ADDED ENTRY ELEMENTS (KOHA)
Suppress in OPAC 0
Holdings
Withdrawn status Lost status Source of classification or shelving scheme Damaged status Not for loan Home library Current library Shelving location Date acquired Total Checkouts Full call number Barcode Date last seen Copy number Price effective from Koha item type
    Dewey Decimal Classification     London London Journal article 29/11/2005   L131671 131671-1001 06/08/2019 1 06/08/2019 Journal article